000
00329pab a2200145 454500
008
180718b2007 xxu||||| |||| 00| 0 eng d
100
_a
Mason, Mark
245
_a
Community responses to local drug use
260
_c
2007
300
_a
p.306-18.
650
_a
Drugs
773
_a
Police Journal
908
_a
N
909
_a
77419
999
_c
77419
_d
77419